<?xml version="1.0" encoding="UTF-8"?>
<record
    xmlns:xsi="http://www.w3.org/2001/XMLSchema-instance"
    xsi:schemaLocation="http://www.loc.gov/MARC21/slim http://www.loc.gov/standards/marcxml/schema/MARC21slim.xsd"
    xmlns="http://www.loc.gov/MARC21/slim">

  <leader>02476nam a2200289 a 4500</leader>
  <controlfield tag="001">BRCA_2737</controlfield>
  <controlfield tag="005">20190320203939.0</controlfield>
  <controlfield tag="008">041208s1898----sp-a---###---#000-0#spa-u</controlfield>
  <datafield tag="041" ind1=" " ind2=" ">
    <subfield code="a">spa</subfield>
  </datafield>
  <datafield tag="044" ind1=" " ind2=" ">
    <subfield code="a">sp</subfield>
  </datafield>
  <datafield tag="084" ind1=" " ind2=" ">
    <subfield code="a">233</subfield>
    <subfield code="b">.S47</subfield>
    <subfield code="c">1898</subfield>
  </datafield>
  <datafield tag="100" ind1="1" ind2=" ">
    <subfield code="a">Cervantes Saavedra, Miguel de</subfield>
    <subfield code="d">1547-1616</subfield>
    <subfield code="9">213</subfield>
  </datafield>
  <datafield tag="245" ind1="1" ind2="0">
    <subfield code="a">El Ingenioso Hidalgo Don Quijote de la Mancha</subfield>
    <subfield code="c">compuesto por Miguel de Cervantes Saavedra.</subfield>
  </datafield>
  <datafield tag="260" ind1=" " ind2=" ">
    <subfield code="a">Barcelona</subfield>
    <subfield code="b">Francisco Seix</subfield>
    <subfield code="c">1898</subfield>
  </datafield>
  <datafield tag="300" ind1=" " ind2=" ">
    <subfield code="a">2 v.</subfield>
    <subfield code="b">il. a color</subfield>
    <subfield code="c">22 cm</subfield>
  </datafield>
  <datafield tag="500" ind1=" " ind2=" ">
    <subfield code="a">Contenido : v 1. Primera parte. Proemio de Asensio. Dedicatoria de F. Seix. Tasa. Privilegio. Dedicatoria del autor. Pr&#xF3;logo del autor. Versos preliminares. Texto. -- v 2. Segunda parte. Dedicatoria del autor. Pr&#xF3;logo del autor. Texto</subfield>
  </datafield>
  <datafield tag="500" ind1=" " ind2=" ">
    <subfield code="a">Edici&#xF3;n : Lujosa edici&#xF3;n con un proemio del Sr. Jos&#xE9; Ma. Asensio de la Real Academia y facs&#xED;mil de varios documentos indefinidos relativos al autor. Ilustraci&#xF3;n en cromolitograf&#xED;a de J. Moreno Carbonero y D. L. Barrau cabecera e iniciales policromadas, de diferentes artistas. A. S. M. el Rey Don Alfonso XIII</subfield>
  </datafield>
  <datafield tag="500" ind1=" " ind2=" ">
    <subfield code="a">Hermosa edici&#xF3;n de lujo. Se basa en el texto corregido por la Academia. S&#xED;rvele de introducci&#xF3;n un pr&#xF3;logo del cervantista Jos&#xE9; Ma. Asensio. Este fantase&#xF3; mucho en lo referente a la vida de Cervantes, as&#xED; como en lo que toca a la interpretaci&#xF3;n de su obra m&#xE1;xima. Aqu&#xED; mismo, entre los documentos de poca monta, publicada la supuesta carta de Cervantes dirigida al Inquisidor General, Cardenal Sandoval de Rojas, carta hoy en definitiva reputada como falsa. Sin embargo, no todo fue fantas&#xED;a. En dicho pr&#xF3;logo con acertada cr&#xED;tica deshace los argumentos del Sr. Ortego acerca de su ejemplar del Quijote supuestamente corregido por Cervantes en persona. La parte tipogr&#xE1;fica es art&#xED;stica y de buen gusto. Unido a esto la belleza de las l&#xE1;minas de Moreno Carboreno y L. Barrau, la de las cabeceras e iniciales que la exornan, y el buen papel, hace que sea &#xE9;sta una de las m&#xE1;s bellas ediciones que se han publicado en el siglo XIX. Piel; lomos y planos decorados con adornos dorados L&#xFA;dovik Osterc</subfield>
  </datafield>
  <datafield tag="500" ind1=" " ind2=" ">
    <subfield code="a">QM224</subfield>
  </datafield>
  <datafield tag="650" ind1="1" ind2="4">
    <subfield code="a">Novela espa&#xF1;ola</subfield>
    <subfield code="y">&#xC9;poca cl&#xE1;sica, 1500-1700</subfield>
    <subfield code="9">215</subfield>
  </datafield>
  <datafield tag="650" ind1="1" ind2="4">
    <subfield code="a">Literatura espa&#xF1;ola</subfield>
    <subfield code="y">&#xC9;poca cl&#xE1;sica, 1500-1700</subfield>
    <subfield code="9">216</subfield>
  </datafield>
  <datafield tag="650" ind1="1" ind2="4">
    <subfield code="a">Novela espa&#xF1;ola</subfield>
    <subfield code="y">Siglo XVII</subfield>
    <subfield code="9">217</subfield>
  </datafield>
  <datafield tag="650" ind1="1" ind2="4">
    <subfield code="a">Don Quijote (Personaje ficticio)</subfield>
    <subfield code="e">Novela</subfield>
    <subfield code="9">218</subfield>
  </datafield>
  <datafield tag="740" ind1="0" ind2=" ">
    <subfield code="a">El Ingenioso Hidalgo Don Quijote de la Mancha</subfield>
  </datafield>
  <datafield tag="902" ind1=" " ind2=" ">
    <subfield code="a">QFM</subfield>
  </datafield>
  <datafield tag="942" ind1=" " ind2=" ">
    <subfield code="2">lcc</subfield>
    <subfield code="c">B</subfield>
  </datafield>
  <datafield tag="999" ind1=" " ind2=" ">
    <subfield code="c">2477</subfield>
    <subfield code="d">2477</subfield>
  </datafield>
  <datafield tag="952" ind1=" " ind2=" ">
    <subfield code="0">0</subfield>
    <subfield code="1">0</subfield>
    <subfield code="4">0</subfield>
    <subfield code="7">0</subfield>
    <subfield code="a">BRCA</subfield>
    <subfield code="b">BRCA</subfield>
    <subfield code="d">2008-12-04</subfield>
    <subfield code="i">QM224</subfield>
    <subfield code="l">0</subfield>
    <subfield code="o">233 .S47 1898 (QM224)</subfield>
    <subfield code="p">2734</subfield>
    <subfield code="r">2019-03-22 00:00:00</subfield>
    <subfield code="w">2019-03-22</subfield>
    <subfield code="y">B</subfield>
  </datafield>
</record>
